Loading...
History - European History | 0 | 4 | 0 | 1 | 40 | 49 | 107.25 | 1 | 1 |
History - World History | 0 | 4 | 1 | 1 | 35 | 69 | 108.25 | 0 | 1 |
Current Events | 0 | 2 | 0 | 0 | 20 | 97 | 103.00 | 0 | 0 |
History - American History | 0 | 2 | 1 | 0 | 15 | 119 | 127.50 | 0 | 0 |
Social Science | 0 | 1 | 0 | 0 | 10 | 98 | 98.00 | 0 | 0 |
Geography | 0 | 1 | 0 | 0 | 10 | 87 | 87.00 | 0 | 0 |
Religion | 0 | 1 | 0 | 0 | 10 | 57 | 57.00 | 1 | 1 |
Science - Other Science | 0 | 1 | 0 | 0 | 10 | 120 | 120.00 | 0 | 0 |
Other Academic | 0 | 1 | 1 | 0 | 5 | 65 | 65.00 | 0 | 1 |
History - Other History | 0 | 1 | 1 | 0 | 5 | 54 | 54.00 | 0 | 1 |
Fine Arts - Other Fine Arts | 0 | 0 | 1 | 0 | -5 | 0.00 | 0 | 0 | |
Fine Arts - Painting & Sculpture | 0 | 0 | 1 | 0 | -5 | 0.00 | 0 | 0 |